Biblioteca y Centro de Documentación

Negociación colectiva del personal laboral al servicio de AA. PP.(Comentario a la sentencia nº316-AS 2011, de 18 de enero de 2011, del STSJ País Vasco) (Registro nro. 42231)

Detalles MARC
000 -CABECERA
Longitud fija campo de control 01231naa a2200289 c 4500
001 - NÚMERO DE CONTROL
Número de control 42231
003 - IDENTIFICADOR DE NÚMERO DE CONTROL
Identificador del número de control ES-MaCES
005 - FECHA Y HORA DE LA ÚLTIMA TRANSACCIÓN
Fecha y hora de la última transacción 20250207040010.0
008 - CAMPO FIJO DE DESCRIPCIÓN FIJA--INFORMACIÓN GENERAL
Códigos de información de longitud fija   111025n2011 sp t 000 | spa d
035 ## - NÚMERO DE CONTROL DEL SISTEMA
Número de control del sistema CES20110011237v
040 ## - FUENTE DE CATALOGACIÓN
Centro catalogador de origen ES-MaCES
Lengua de catalogación spa
Centro transcriptor ES-MaCES
100 1# - ENCABEZAMIENTO PRINCIPAL--NOMBRE PERSONAL
Nombre de persona Gorelli Hernández, Juan
9 (RLIN) 13963
245 10 - MENCIÓN DE TÍTULO
Título Negociación colectiva del personal laboral al servicio de AA. PP.(Comentario a la sentencia nº316-AS 2011, de 18 de enero de 2011, del STSJ País Vasco)
Resto del título : la reducción del salario pactado a través de modificación de la Ley de Presupuestos
Mención de responsabilidad, etc. Juan Gorelli Hernández
650 #4 - ASIENTO SECUNDARIO DE MATERIA--TÉRMINO DE MATERIA
Término de materia o nombre geográfico como elemento inicial sentencia judicial
9 (RLIN) 29888
650 #4 - ASIENTO SECUNDARIO DE MATERIA--TÉRMINO DE MATERIA
Término de materia o nombre geográfico como elemento inicial tribunal supremo
9 (RLIN) 29919
650 #4 - ASIENTO SECUNDARIO DE MATERIA--TÉRMINO DE MATERIA
Término de materia o nombre geográfico como elemento inicial legislación del trabajo
9 (RLIN) 27166
650 #4 - ASIENTO SECUNDARIO DE MATERIA--TÉRMINO DE MATERIA
Término de materia o nombre geográfico como elemento inicial flexibilidad del trabajo
9 (RLIN) 30174
650 #4 - ASIENTO SECUNDARIO DE MATERIA--TÉRMINO DE MATERIA
Término de materia o nombre geográfico como elemento inicial empleado de servicio público
9 (RLIN) 27229
650 #4 - ASIENTO SECUNDARIO DE MATERIA--TÉRMINO DE MATERIA
Término de materia o nombre geográfico como elemento inicial disminución salarial
9 (RLIN) 29847
650 #4 - ASIENTO SECUNDARIO DE MATERIA--TÉRMINO DE MATERIA
Término de materia o nombre geográfico como elemento inicial contrato de trabajo de duración determinada
9 (RLIN) 30650
650 #4 - ASIENTO SECUNDARIO DE MATERIA--TÉRMINO DE MATERIA
Término de materia o nombre geográfico como elemento inicial convenio colectivo
9 (RLIN) 28361
653 10 - TÉRMINO DE INDEXACIÓN--NO CONTROLADO
Término no controlado Jurisprudencia
773 0# - ENTRADA DE DOCUMENTO FUENTE
Título Aranzadi social
Parte(s) relacionada(s) n. 4 (jul. 2011){10650 R. 080021}; p. 105-117
Número de control del registro relacionado (ES-MaCES)25655
Itemnumber del ítem fuente 67540
902 ## - CES. TIPO DE DOCUMENTO
Tipodoc (006$c Sirtex) ART Artículo de revista
942 ## - ELEMENTOS KOHA
Fuente de clasificaión o esquema Clasificación propia del CES
Koha [por defecto] tipo de item Artículos (1982-2017)
Parte de clasificación 6.2.

No hay ítems disponibles.

© CES, Consejo Económico y Social de España 2021